Religion & Women in India: gender, faith and politics 1780s-1980s (Record no. 1300046)

MARC details
000 -LEADER
fixed length control field 01578nam a2200217 4500
005 - DATE AND TIME OF LATEST TRANSACTION
control field 20250328165907.0
008 - FIXED-LENGTH DATA ELEMENTS--GENERAL INFORMATION
fixed length control field 250326b |||||||| |||| 00| 0 eng d
020 ## - INTERNATIONAL STANDARD BOOK NUMBER
International Standard Book Number 9788178246796
037 ## - SOURCE OF ACQUISITION
Terms of availability Textual
040 ## - CATALOGING SOURCE
Original cataloging agency RTL
Transcribing agency RTL
084 ## - COLON CLASSIFICATION NUMBER
Classification number Y15:3(Q).2.N80<-L80 R4
Assigning agency RTL
100 ## - MAIN ENTRY--PERSONAL NAME
Personal name Sarkar, Tanika
245 ## - TITLE STATEMENT
Title Religion & Women in India: gender, faith and politics 1780s-1980s
260 ## - PUBLICATION, DISTRIBUTION, ETC.
Place of publication, distribution, etc. Ranikhet
Name of publisher, distributor, etc. Permanent Black
Date of publication, distribution, etc. 2024
300 ## - PHYSICAL DESCRIPTION
Extent xvii, 385p.
Other physical details Includes Index
520 ## - SUMMARY, ETC.
Summary, etc. In this book Tanika Sarkar provides an account of gender prescriptions and proscriptions, as well as their operation among various Indian religious communities, beginning with early British rule and concluding in the late twentieth century. Tracking various shifts and displacements in doctrinal thought and practice, she argues that Indian modernity was initiated largely through debates on gender, scripture, custom, and caste, which shaped ideal forms of masculine and feminine conduct. She demonstrates the organisation of a modern public sphere around the controversies, cultural imaginaries, and political agitations over such issues as the age of consent, child marriage, widow remarriage, rape laws, and intercaste and interfaith relations. Gender norms are shown leaching into social attitudes, labour processes, and legal rights – leading eventually to modern Indian feminism.
650 ## - SUBJECT ADDED ENTRY--TOPICAL TERM
Topical term or geographic name entry element Hindu women India History
9 (RLIN) 748175
650 ## - SUBJECT ADDED ENTRY--TOPICAL TERM
Topical term or geographic name entry element Philosophy
650 ## - SUBJECT ADDED ENTRY--TOPICAL TERM
Topical term or geographic name entry element Women and religion
9 (RLIN) 748176
942 ## - ADDED ENTRY ELEMENTS (KOHA)
Source of classification or shelving scheme Colon Classification (CC)
Suppress in OPAC No
Koha item type Textbook
Classification part Y15:3(Q).2.N80<-L80 R4
Holdings
Withdrawn status Lost status Source of classification or shelving scheme Damaged status Not for loan Home library Current library Date acquired Total Checkouts Full call number Barcode Date last seen Price effective from Koha item type
    Colon Classification (CC)     Ratan Tata Library Ratan Tata Library 2025-03-26   Y15:3(Q).2.N80<-L80 R4 RT1585250 2025-03-26 2025-03-26 Textbook
Copyright @ Delhi University Library System